Statystyki dla Zwycięzcy Ligi Europy (Po polsku)

Kliknij tutaj aby rozwiązać quiz!

Ogólne statystyki

  • Ten quiz został rozwiązany 43 razy
  • Średni wynik to 30 z 51

Statystyki odpowiedzi

RokKrajKlub% Poprawnych
2017AngliaManchester United
91%
2019AngliaChelsea
88%
2013AngliaChelsea
88%
2006HiszpaniaSevilla
88%
2015HiszpaniaSevilla
88%
2007HiszpaniaSevilla
88%
2014HiszpaniaSevilla
88%
2020HiszpaniaSevilla
88%
2016HiszpaniaSevilla
88%
1992HolandiaAjax
79%
1985HiszpaniaReal Madryt
79%
1986HiszpaniaReal Madryt
79%
2018HiszpaniaAtletico Madryt
73%
2012HiszpaniaAtletico Madryt
73%
2010HiszpaniaAtletico Madryt
73%
1977WłochyJuventus
73%
1993WłochyJuventus
73%
1990WłochyJuventus
73%
2011PortugaliaFC Porto
70%
2003PortugaliaFC Porto
70%
1998WłochyInter Mediolan
70%
1994WłochyInter Mediolan
70%
1991WłochyInter Mediolan
70%
1976AngliaLiverpool
70%
2001AngliaLiverpool
70%
1973AngliaLiverpool
70%
2021HiszpaniaVillareal
67%
1996NiemcyBayern
64%
1980NiemcyEintracht Frankfurt
64%
2022NiemcyEintracht Frankfurt
64%
1978HolandiaPSV
58%
2009UkrainaSzachtar Donieck
58%
1984AngliaTottenham
52%
1972AngliaTottenham
52%
2000TurcjaGalatasaray
48%
1983BelgiaAnderlecht
45%
2005RosjaCSKA Moskwa
45%
2004HiszpaniaValencia
45%
2008RosjaZenit
45%
2002HolandiaFeyenoord
42%
1974HolandiaFeyenoord
42%
1995WłochyParma
33%
1999WłochyParma
33%
1988NiemcyBayer Leverkusen
27%
1979NiemcyBorussia Monchengladbach
27%
1975NiemcyBorussia Monchengladbach
27%
1997NiemcySchalke
27%
1987SzwecjaIFK Goteborg
15%
1982SzwecjaIFK Goteborg
15%
1981AngliaIpswich Town
12%
1989WłochySSC Napoli
12%

Rozkład punktacji

Percentyl według liczby udzielonych odpowiedzi

Procent ludzi z każdym wynikiem

Twoja historia wyników

Nie rozwiązałeś tego quizu